000 00866nam a22002537a 4500
001 8212
003 FISKH
005 20250903085806.0
008 250903b cb ||||| |||| 00| 0 eng d
020 _a9789996301957
040 _aFISKH
_beng
_cFISKH
_dFISKH
082 _a495.911
100 _aSotheary, Kimsun
245 _aក ខ គ ឃ​ ង នៅឯណា?
_cរក្សាសិទ្ធដោយ គឹមស៊ុន សុធារី
260 _aPhnom Penh :
_bReading Books,
_c2013.
300 _a32 pages :
_bcolor illustrations ;
_c26 cm
505 _aF
520 _aស្វែងរកព្យញ្ជនខ្មែរនិងរៀនអក្សរ។
520 _aFind Khmer consonants and learn letters.”
521 8 _a300
_bLexile estimate
521 8 _aF
_bRaz-Plus
942 _2ddc
_cBK
_n0
999 _c8212
_d8212